| 000 | 00457 a2200169 4500 | ||
|---|---|---|---|
| 041 | _aEng | ||
| 082 | _aCD5255 | ||
| 100 | _aShrestha, Riju | ||
| 245 | _aCash and stock dividend practices in commercial banks | ||
| 260 |
_aKtm _bNP _c2009 |
||
| 502 |
_aDissertation _bManagement _cNepal commerce Campus |
||
| 650 |
_aRatio analysis _919259 |
||
| 650 |
_aDividend _910516 |
||
| 650 |
_aBonus distribution _925150 |
||
| 653 | _aManagement | ||
| 942 |
_2ddc _cVM |
||
| 999 |
_c61970 _d61958 |
||